| 000 | 01218nam a2200397 a 4500 | ||
|---|---|---|---|
| 001 | 21692 | ||
| 003 | CZ PrNK | ||
| 005 | 20260309092943.0 | ||
| 007 | ta | ||
| 008 | 140102s2013 xr a a 000 j slo | ||
| 015 | _acnb002537547 | ||
| 020 |
_a9788025228036 _q(váz.) |
||
| 035 | _a(OCoLC)872340377 | ||
| 040 |
_aOLA001 _bcze _dABA001 |
||
| 041 | 1 |
_aslo _heng |
|
| 072 | 7 |
_a821-93 _xLiteratura pro děti a mládež (beletrie) _2Konspekt |
|
| 080 |
_a821-93 _2MRF |
||
| 080 |
_a821-32 _2MRF |
||
| 080 |
_a(0:82-32) _2MRF |
||
| 245 | 0 | 0 |
_aDobrodružstvá Macka Puf / _c[preklad Eva Krupová] |
| 250 | _a2., upr. vyd. | ||
| 260 |
_aPraha : _bEgmont, _c2013 |
||
| 300 |
_a192 s. : _bbarev. il. ; _c30 cm |
||
| 490 | 1 | _aDisney. Macko Puf | |
| 500 | _aPřeloženo z angličtiny | ||
| 500 | _aZpracováno na základě knih A.A. Milnea a E.H. Sheparda Winnie the Pooh | ||
| 655 | 7 |
_apříběhy _2czenas |
|
| 655 | 7 |
_apublikace pro děti _2czenas |
|
| 655 | 9 |
_astories _2eczenas |
|
| 655 | 9 |
_achildren's literature _2eczenas |
|
| 700 | 1 |
_aKrupová, Eva, _d1941- _4trl |
|
| 830 | 0 |
_aDisney (Egmont). _pMacko Puf |
|
| 901 |
_b9788025228036 _f2., upr. vyd. _o20140217 |
||
| 910 | _aABA001 | ||
| 942 |
_2ddc _cKLDE _n0 |
||
| 999 |
_c21692 _d21692 |
||